<?xml version="1.0" encoding="UTF-8"?>
<record
    xmlns:xsi="http://www.w3.org/2001/XMLSchema-instance"
    xsi:schemaLocation="http://www.loc.gov/MARC21/slim http://www.loc.gov/standards/marcxml/schema/MARC21slim.xsd"
    xmlns="http://www.loc.gov/MARC21/slim">

  <leader>03051cam a2200409 i 4500</leader>
  <controlfield tag="001">21773158</controlfield>
  <controlfield tag="003">CSPC</controlfield>
  <controlfield tag="005">20260319152857.0</controlfield>
  <controlfield tag="008">201026s2021    mdu      b    000 0 eng  </controlfield>
  <datafield tag="010" ind1=" " ind2=" ">
    <subfield code="a">  2020045777</subfield>
  </datafield>
  <datafield tag="020" ind1=" " ind2=" ">
    <subfield code="a">9781475859584</subfield>
    <subfield code="q">(paperback)</subfield>
  </datafield>
  <datafield tag="035" ind1=" " ind2=" ">
    <subfield code="a">21773158</subfield>
  </datafield>
  <datafield tag="040" ind1=" " ind2=" ">
    <subfield code="a">DLC</subfield>
    <subfield code="b">eng</subfield>
    <subfield code="e">rda</subfield>
    <subfield code="c">DLC</subfield>
    <subfield code="d">DLC</subfield>
    <subfield code="d">CSPC</subfield>
  </datafield>
  <datafield tag="042" ind1=" " ind2=" ">
    <subfield code="a">pcc</subfield>
  </datafield>
  <datafield tag="043" ind1=" " ind2=" ">
    <subfield code="a">n-us---</subfield>
  </datafield>
  <datafield tag="050" ind1="0" ind2="0">
    <subfield code="a">LB2831.62</subfield>
    <subfield code="b">.D35 2021</subfield>
  </datafield>
  <datafield tag="082" ind1="0" ind2="0">
    <subfield code="a">371.20110973</subfield>
    <subfield code="b">D149c</subfield>
    <subfield code="2">23</subfield>
  </datafield>
  <datafield tag="100" ind1="1" ind2=" ">
    <subfield code="a">Dake, Larry,</subfield>
    <subfield code="d">1980-</subfield>
    <subfield code="e">author.</subfield>
  </datafield>
  <datafield tag="245" ind1="1" ind2="0">
    <subfield code="a">Crisis management :</subfield>
    <subfield code="b">effective school leadership to avoid early burnout /</subfield>
    <subfield code="c">Larry Dake.</subfield>
  </datafield>
  <datafield tag="264" ind1=" " ind2="1">
    <subfield code="a">Lanham, Maryland :</subfield>
    <subfield code="b">Rowman &amp; Littlefield,</subfield>
    <subfield code="c">2021.</subfield>
  </datafield>
  <datafield tag="300" ind1=" " ind2=" ">
    <subfield code="a">xi, 97 pages ;</subfield>
    <subfield code="c">24 cm.</subfield>
  </datafield>
  <datafield tag="336" ind1=" " ind2=" ">
    <subfield code="a">text</subfield>
    <subfield code="b">txt</subfield>
    <subfield code="2">rdacontent</subfield>
  </datafield>
  <datafield tag="337" ind1=" " ind2=" ">
    <subfield code="a">unmediated</subfield>
    <subfield code="b">n</subfield>
    <subfield code="2">rdamedia</subfield>
  </datafield>
  <datafield tag="338" ind1=" " ind2=" ">
    <subfield code="a">volume</subfield>
    <subfield code="b">nc</subfield>
    <subfield code="2">rdacarrier</subfield>
  </datafield>
  <datafield tag="504" ind1=" " ind2=" ">
    <subfield code="a">Includes bibliographical references.</subfield>
  </datafield>
  <datafield tag="505" ind1="0" ind2=" ">
    <subfield code="a">The grass may look different, but it's not always greener ... one administrator's story -- Was it always this way? School leadership's unique history -- Your are contagious ... for better or worse -- Without this, schools cannot move forward: building trusting relationships -- Making it all fit: professional fit and work-life balance -- Is it lonely at the top? Navigating leadership isolation and loneliness -- Preparing for the shift and navigating new roles -- Survey overview, important trends, and takeaways -- The goose that lays the golden egg: school leadership and time management -- Is it time to seek a new opportunity? Interviewing and entry planning -- Must-read books for prospective and practicing school leaders.</subfield>
  </datafield>
  <datafield tag="520" ind1=" " ind2=" ">
    <subfield code="a">"This book will assist school leaders with strategies to navigate transitions, balance relationships, and manage their time more effectively"--</subfield>
    <subfield code="c">Provided by publisher.</subfield>
  </datafield>
  <datafield tag="520" ind1=" " ind2=" ">
    <subfield code="a">"This book will assist aspiring and practicing school leaders with strategies to navigate transitions, balance relationships, and manage their time more effectively. All three components are necessary to manage stress and avoid burnout in today&#x2019;s fast-paced and always-on world of school leadership. While prep programs teach several important facets for the job, nothing quite prepares school leaders for the job&#x2019;s stress, time expectations, and public face. This book can help all school leaders in these areas!"--</subfield>
    <subfield code="c">Amazon.com.</subfield>
  </datafield>
  <datafield tag="650" ind1=" " ind2="0">
    <subfield code="a">School administrators</subfield>
    <subfield code="x">Job stress</subfield>
    <subfield code="z">United States.</subfield>
  </datafield>
  <datafield tag="650" ind1=" " ind2="0">
    <subfield code="a">School management and organization</subfield>
    <subfield code="z">United States.</subfield>
  </datafield>
  <datafield tag="650" ind1=" " ind2="0">
    <subfield code="a">Educational leadership</subfield>
    <subfield code="z">United States.</subfield>
  </datafield>
  <datafield tag="776" ind1="0" ind2="8">
    <subfield code="i">Online version:</subfield>
    <subfield code="a">Dake, Larry, 1980-</subfield>
    <subfield code="t">Crisis management</subfield>
    <subfield code="d">Lanham, Maryland : Rowman &amp; Littlefield, 2021.</subfield>
    <subfield code="z">9781475859591</subfield>
    <subfield code="w">(DLC) 2020045778</subfield>
  </datafield>
  <datafield tag="906" ind1=" " ind2=" ">
    <subfield code="a">7</subfield>
    <subfield code="b">cbc</subfield>
    <subfield code="c">orignew</subfield>
    <subfield code="d">1</subfield>
    <subfield code="e">ecip</subfield>
    <subfield code="f">20</subfield>
    <subfield code="g">y-gencatlg</subfield>
  </datafield>
  <datafield tag="942" ind1=" " ind2=" ">
    <subfield code="2">ddc</subfield>
    <subfield code="c">BK</subfield>
    <subfield code="e">23</subfield>
    <subfield code="h">371.20110973</subfield>
    <subfield code="i">D149c</subfield>
    <subfield code="k">GRD</subfield>
    <subfield code="m">2021</subfield>
    <subfield code="n">0</subfield>
  </datafield>
  <datafield tag="952" ind1=" " ind2=" ">
    <subfield code="0">0</subfield>
    <subfield code="1">0</subfield>
    <subfield code="2">ddc</subfield>
    <subfield code="4">0</subfield>
    <subfield code="7">0</subfield>
    <subfield code="a">CSPC</subfield>
    <subfield code="b">CSPC</subfield>
    <subfield code="c">GRD</subfield>
    <subfield code="d">2026-03-19</subfield>
    <subfield code="l">0</subfield>
    <subfield code="o">GRD 371.20110973 D149c 2021</subfield>
    <subfield code="p">31472</subfield>
    <subfield code="r">2026-03-19 15:30:03</subfield>
    <subfield code="t">1-1</subfield>
    <subfield code="w">2026-03-19</subfield>
    <subfield code="y">BK</subfield>
  </datafield>
  <datafield tag="999" ind1=" " ind2=" ">
    <subfield code="c">32123</subfield>
    <subfield code="d">32123</subfield>
  </datafield>
</record>
